Guess the lyrics to mystery Niall Horan quiz - Statistics

General Stats
  • This quiz has been taken 167 times
  • The average score is 207 of 325
Answer Stats
Answer % Correct
. I
92%
. you
91%
. You
91%
. The
87%
. the
87%
. and
86%
. And
86%
. me
86%
. to
81%
. we
79%
. on
73%
. when
71%
. your
71%
. be
70%
. this
69%
. So
65%
. so
65%
. there
65%
. with
65%
. Its
63%
. its
63%
. town
63%
. in
62%
. In
62%
. of
62%
. that
62%
. That
62%
. want
62%
. were
62%
. still
60%
. back
59%
. was
59%
. If
58%
. if
58%
. know
58%
. time
58%
. Im
57%
. never
57%
. say
57%
. But
56%
. come
56%
. they
56%
. everything
55%
. Everything
55%
. hard
55%
. world
55%
. dance
54%
. first
54%
. Id
54%
. only
54%
. whole
54%
. got
53%
. highways
53%
. kiss
53%
. Over
53%
. over
53%
. tell
53%
. up
53%
. watching
53%
. around
52%
. comes
52%
. Drive
52%
. truth
52%
. from
51%
. From
51%
. make
51%
. now
51%
. room
51%
. old
49%
. Waking
49%
. walk
49%
. words
49%
. byways
48%
. cant
48%
. children
48%
. playing
48%
. next
47%
. nobodys
47%
. smell
47%
. air
46%
. alive
46%
. arms
46%
. butterflies
46%
. move
46%
. nervous
46%
. remember
46%
. saw
46%
. stuck
46%
. perfume
45%
. things
44%
. new
43%
. stars
43%
. change
42%
. far
42%
. his
42%
. how
42%
. Wish
42%
. someone
41%
. thought
41%
. wrong
41%
. hes
40%
. round
40%
. about
38%
. met
38%
. moved
38%
. something
38%
. Them
38%
. theres
38%
. fairground
37%
. funny
37%
. running
37%
. shadow
37%
. Yesterday
37%
. pub
36%
. Because
22%
No matching quizzes found
Score Distribution
Percent of People with Each Score
Percentile by Number Answered
Your Score History
You have not taken this quiz